Win the European Presidential Election - 30 Seconds - Statistics

General Stats
  • This quiz has been taken 321 times
  • The average score is 418 of 500
Answers on the Map
Answers color-coded by a green-red scale on the quiz's map according to % correct below.
 
Answer Stats
Hint Answer % Correct
50 Germany
99%
49 United Kingdom
99%
36 Spain
97%
49 France
96%
42 Italy
96%
90 Russia
95%
22 Poland
90%
26 Ukraine
89%
8 Sweden
82%
7 Portugal
74%
12 Romania
72%
12 Netherlands
71%
4 Norway
70%
4 Finland
67%
7 Greece
67%
4 Ireland
60%
6 Austria
58%
8 Belgium
56%
6 Belarus
54%
3 Denmark
52%
7 Czech Republic
49%
3 Bulgaria
41%
6 Hungary
40%
4 Serbia
35%
7 Switzerland
35%
1 Iceland
30%
3 Slovakia
22%
1 Estonia
21%
2 Croatia
18%
2 Lithuania
18%
1 Latvia
17%
2 Bosnia and Herzegovina
12%
1 Vatican City
11%
2 Albania
10%
1 Luxembourg
10%
1 Monaco
10%
1 Slovenia
10%
1 Moldova
9%
1 Andorra
7%
1 Malta
7%
1 San Marino
6%
2 Kosovo
5%
1 Liechtenstein
4%
2 North Macedonia
3%
1 Montenegro
2%
No matching quizzes found
Score Distribution
Percent of People with Each Score
Percentile by Number Answered
Your Score History
You have not taken this quiz